| 000 | 00704nam a22002177a 4500 | ||
|---|---|---|---|
| 999 |
_c158166 _d158166 |
||
| 005 | 20181018142658.0 | ||
| 010 | _aENG-124326 | ||
| 020 |
_a9780199483587 _c575.00 |
||
| 035 | _aEN-107858 | ||
| 037 | _bDBAD/PUB | ||
| 082 | _aN | ||
| 100 | _aD'Cruz, R.N. Joe | ||
| 245 |
_aOcean rimmed world / _cby R.N. Joe D'Cruz; translated by G. Geetha; ed.by Mini Krishnan |
||
| 260 |
_aNew Delhi _bOxford University Press _c2018 |
||
| 270 |
_bNew Delhi _e110002 _a2/11 Ground Floor, Ansari Road, Daryaganj, |
||
| 300 |
_axxiv,568p _c22cm.(pbk) _bill. |
||
| 500 | _aIt includes glossary and about the author and the translator | ||
| 700 | _a Geetha G. | ||
| 700 | _aMini Krishnan | ||
| 942 |
_2ddc _cEN _hN _mDCR |
||